MDQL
is popping MORE tags! Check the
thread
!
Quizzes
Events
Quiz Creation
Community
Videos
Private Events
Remove Ads
Sign In
Join for FREE
Feedback
Dark Mode
Quiz Categories
Sports
Geography
Music
Movies
Television
Just For Fun
Miscellaneous
History
Literature
Language
Science
Gaming
Entertainment
Religion
Holiday
For Kids
Quiz Lab
Recent
Popular Today
Quiz Kudos Today
Editor Picks
Curator Picks
Quizzes by...
Day
Popularity
Type
Ratings
Length
Year
Community
Subscriptions
Recent Discussions
Orange Saloon
Badges
Playlists
Quests
Create
Leaderboards
Showdown
Live 5
Trivia Bingo
Activity
Puzzle Library
Sporcle Events
Private Events
Virtual Trivia
Globe League
Become a Host
Pub Owners
SporcleCon
Opinionation
Our Games
Videos
Blog
Mobile Apps
Partnerships
Remove Ads and Go Orange
Feedback
Literature
Harry Potter
A Song of Ice and Fire
The Hunger Games
Literary Character
Shakespeare
Book
Author
Novel
Poem
Young Adult
Children's Books
Play
Lord of the Rings
Literature
Harry Potter
A Song of Ice and Fire
The Hunger Games
Literary Character
Shakespeare
Book
Author
Novel
Poem
Young Adult
Children's Books
Play
Lord of the Rings
Random Quiz
Search Sporcle
×
Quiz Lab
Quiz Lab
Literature
Twitter
Type in answers that appear in a list
Type in answers that appear in a list
Classic
Best Score? Go Orange.
Stephen King Character Tweets Stats
Can you name the Stephen King Character Tweets?
By
theprisoner
10m
15 Questions
413 Plays
413 Plays
413 Plays
Comments
Comments
Give Quiz Kudos
Give Quiz Kudos
-
- Ratings
hide this ad
More Info
Forced Order
Answers have to be entered in order
Answers have to be entered in order
Replay
Link that replays current quiz
Next Quiz
Link to next quiz in quiz playlist
You Got
0%
They Got
Avg Score
79%
Avg Friend Score
Upgrade to see
Score Distribution
Jump to the score distribution portion of the page
Score
0/15
Timer
10:00
0
Plays Today
Tweet
Book Title
% Correct
@FamilyTorrance: 'The weather outside is frightful/
but the fire is so delightful/
And since we've no place to go/
Let it snow let it snow let it snow'-
just passing time in Colorado.
The Shining
97.1%
@Vic&Donna4evr: Stopping by Joe Camber's to get the car fixed w/
Tad...hope that nice big dog isn't there...
Cujo
96.9%
@ChristChild74: Just got asked to prom by Tommy Ross! I'm so excited to wear my dress!
Carrie
96.4%
@SilverCreekLodgeWriter: doing well after the accident and recuperating in the company of my 'number one fan' Ms. Annie Wilkes.
Misery
95.2%
@CunninghamCarFreak78: Just got a beautiful '58 Plymouth Fury for $250-
true love at last!
Christine
94.9%
@RTozier: I'm off to smell the good ol' Derry Air! So long, LA and hello Maine!
IT
83.5%
@PollyChalmers: Just met the man who's bought the Emporium Galorium and is turning it into a neat little shop...be sure to check it out! Looks like there's something for everyone!
Needful Things
80.1%
@#1ACE: just found these four punk kids trying to claim dibs on the Brower kid's body...but guess who called it in first?
The Body
78.2%
Tweet
Book Title
% Correct
@SoxFan99: lost in the woods...someone please help.
The Girl Who Loved Tom Gordon
76.5%
@Doccreed: living in a new job in a new house across from new neighbors-
-
enjoying every minute of the life with my wife, two kids, and church. Here's to the rest of our lives.
Pet Sematary
75.5%
@pauledgecombe: Just lost a good friend and companion after more than sixty years. Goodbye, Mr. Jingles.
The Green Mile
71.4%
@PeterStevens: residing in Zihuatanejo, Mexico and looking foward to seeing an old friend free for good.
Rita Hayworth and the Shawshank Redemption
69%
@BenMears: Writing a new novel, finding true love and conquering old houses...who says you can't go home again?
Salem's Lot
66.8%
@MikeNoonan: I'm going to Sara Laughs, going to start writing again. Things will only get better.
Bag of Bones
58.4%
@Epping58: Going to visit Al after another closing to another school year...wish I could go back in time and change things.
11|22|63
48.2%
Quiz Playlist
Details
Report
Send in Message
Add To Playlist
More Info:
Welcome to a place where the characters of Stephen King and the tweetings of Twitter collide. Earth, we guess.
Classic:
Type in answers that appear in a list
Forced Order:
Answers have to be entered in order
Last Updated: Feb 16, 2017
Quiz Scoreboard
CHALLENGE
Sign Up to Join the Scoreboard
Show All
Scores
Hide
Comments
May contain spoilers
Recently Published
5x2 Blitz: Bands
by SL_Kpop136
Music
30s
Colored Red Africa Blitz
by spor1
Geography
30s
Find the 'City' Movie
by crazypaving
Movies
60s
More to Explore
Quiz From the Vault
Featured Blog Post
14 Easter Pick-up Lines to Find Eggs With
hide this ad
You Might Also Like...
Tags
Stephen King
Twitter
Today's Top Quizzes in Literature
Browse Literature
hide this ad
Today's Top Quizzes in Twitter
Browse Twitter
Top Contributed Quizzes in Literature
1
Sneaky Slytherin Logic Puzzle
2
Logic Puzzle: Avoid Dumbledore's Army
3
Mini Trivia Sudoku: A Song of Ice and Fire
4
Get The Picture: Black or White Literature
5
The Hunger Games Logic Puzzle: Find Katniss
6
One Thing in Common: Literature II
7
Harry Potter Logic Puzzle - Bill & Fleur's wedding
8
Harry Potter Video Game Releases
9
Silmarillion Characters by Any 3 Letters
10
Harry Potter Clickable Logic Puzzle #4
Explore More
Trending Topics
Harry Potter
Anime
Marvel
Crossword
Disney
NBA
Kpop
Pokémon
NFL
Soccer
Song
Country
WWE
The Office
Puzzle
hide this ad
More By:
theprisoner
Quiz
Plays
Rating
Category
Featured
Created
Stephen King Character Tweets
413
3.75
Literature
Feb 29, 2012
Problematic Combinations
31
3.50
Movies
Jan 14, 2014
Go to Creator's Profile
Score Distribution
Quiz Creator Spotlight
theprisoner
Follow
Send a Message
Quizzes Created
-
Created Quiz Play Count
-
More By This Creator
Popular Quizzes Today
1
Colored Red Africa Blitz
2
Find the 'City' Movie
3
Find the US States - No Outlines Minefield
4
5x2 Blitz: Bands
5
The Countries of the World
6
Find the US States
7
US States
8
9x9 Crossword: Cartoon Network
More Literature Quizzes
Born on January 18th: A. A. Milne
Editor's Pick
Trending Quizzes
Colored Red Europe Blitz I
Colored Red Europe Blitz II
Colored Red Africa Blitz II
Colored Red Europe Blitz III
Colored Red Africa Blitz III
Recently Updated
How Do You Spell That?
pecheneg
Godzilla Movies
pecheneg
Grab Bag: 4-10 Letters
pecheneg
2024 March Madness Bracket
pecheneg
Famous TV Couples
Peacemaker
Champions League XIs: Real Madrid
pecheneg
Largest US Cities 1790-2010
pecheneg
Rides in Walt Disney World
pecheneg
Most Oscar Losses (Acting)
pecheneg
Beyoncé Albums
pecheneg
Trending Topics
NBA
Disney
Marvel
Anime
Kpop
Crossword
Harry Potter
Pokémon
Puzzle
The Office
Song
NFL
Soccer
Country
WWE
Your Account Isn't Verified!
In order to create a playlist on Sporcle, you need to verify the email address you used during registration. Go to your
Sporcle Settings
to finish the process.
Report this User
Report this user for behavior that violates our
Community Guidelines
.
Details:
Send Report
Go to the Sporcle.com Mobile Site →
Comments